NBA 2K22 Top 50 Players - Statistics

General Stats
  • This quiz has been taken 443 times
    390 since last reset
  • The average score is 45 of 50
Answer Stats
Club Position Overall Player % Correct
Milwaukee Bucks PF/C 97 Giannis Antetokounmpo
100%
Los Angeles Lakers SF/PG 96 LeBron James
100%
Golden State Warriors PG/SG 96 Stephen Curry
100%
Los Angeles Lakers PF/C 92 Anthony Davis
99%
Philadelphia 76ers C 95 Joel Embiid
99%
Los Angeles Clippers SF/PF 95 Kawhi Leonard
99%
Brooklyn Nets PF/SF 96 Kevin Durant
99%
Dallas Mavericks PG/SF 93 Luka Doncic
99%
Denver Nuggets C 96 Nikola Jokic
99%
Portland Trail Blazers PG 90 Damian Lillard
98%
Phoenix Suns SG/PG 90 Devin Booker
98%
Memphis Grizzlies PG 92 Ja Morant
98%
Boston Celtics PF/SF 88 Jayson Tatum
98%
Miami Heat SF/PF 94 Jimmy Butler
98%
Brooklyn Nets PG/SG 91 Kyrie Irving
98%
Atlanta Hawks PG 91 Trae Young
98%
Brooklyn Nets SG/PG 90 James Harden
96%
Golden State Warriors SG/SF 87 Klay Thompson
96%
Phoenix Suns PG 88 Chris Paul
95%
Minnesota Timberwolves C 88 Karl-Anthony Towns
95%
New Orleans Pelicans PF/C 89 Zion Williamson
95%
Los Angeles Clippers SG/SF 88 Paul George
94%
Utah Jazz C 90 Rudy Gobert
94%
Utah Jazz SG/PG 89 Donovan Mitchell
93%
Boston Celtics SF/SG 87 Jaylen Brown
93%
Charlotte Hornets PG/SG 86 LaMelo Ball
93%
Chicago Bulls SG/SF 88 Zach LaVine
92%
Washington Wizards SG/PG 87 Bradley Beal
91%
Chicago Bulls SF/PF 90 DeMar DeRozan
90%
Miami Heat C 86 Bam Adebayo
88%
Phoenix Suns C 87 Deandre Ayton
88%
Oklahoma City Thunder PG/SG 86 Shai Gilgeous-Alexander
88%
San Antonio Spurs PG 86 Dejounte Murray
86%
Denver Nuggets PG/SG 85 Jamal Murray
86%
Minnesota Timberwolves SG/SF 85 Anthony Edwards
85%
Milwaukee Bucks PG/SG 86 Jrue Holiday
85%
Milwaukee Bucks SF/PF 84 Khris Middleton
85%
Cleveland Cavaliers C 86 Jarrett Allen
84%
Toronto Raptors PF/C 85 Pascal Siakam
84%
Cleveland Cavaliers PG 86 Darius Garland
82%
Philadelphia 76ers PG/PF 84 Ben Simmons
78%
New Orleans Pelicans SF/PF 84 Brandon Ingram
78%
Atlanta Hawks C 85 Clint Capela
77%
Indiana Pacers PF/C 87 Domantas Sabonis
76%
Portland Trail Blazers SG/PG 85 C.J. McCollum
75%
Dallas Mavericks C/PF 86 Kristaps Porzingis
74%
Toronto Raptors SG/PG 86 Fred VanVleet
71%
Philadelphia 76ers PF/SF 84 Tobias Harris
71%
Atlanta Hawks PF/C 84 John Collins
64%
Utah Jazz PG 84 Mike Conley
64%
No matching quizzes found
Score Distribution
Percent of People with Each Score
Percentile by Number Answered
Your Score History
You have not taken this quiz since the last reset